000 00297nam a22001337a 4500
008 170622b xxu||||| |||| 00| 0 eng d
020 _a0060148454
041 _aeng
080 _a32
100 _a20
101 _aSHP
245 _aTHE STRUCTURES OF EVERYDAY LIFE
_cBRAUDEL, F
942 _2udc
_cBK
999 _c18573
_d18573